The theology of Rudolf Bultmann. / (Record no. 2714)
[ view plain ]
| 000 -LEADER | |
|---|---|
| fixed length control field | 01565nam a2200205 a 4500 |
| 003 - CONTROL NUMBER IDENTIFIER | |
| control field | PILC |
| 005 - DATE AND TIME OF LATEST TRANSACTION | |
| control field | 20250619152134.0 |
| 008 - FIXED-LENGTH DATA ELEMENTS--GENERAL INFORMATION | |
| fixed length control field | 060418s1966 xx 00 eng d |
| 010 ## - LIBRARY OF CONGRESS CONTROL NUMBER | |
| LC control number | Acc#7291 |
| 040 ## - CATALOGING SOURCE | |
| Transcribing agency | Philippine Baptist Theological Seminary |
| 050 ## - LIBRARY OF CONGRESS CALL NUMBER | |
| Classification number | BX 4827 .B78 |
| Item number | K879 1966 |
| 100 10 - MAIN ENTRY--PERSONAL NAME | |
| Personal name | Kegley, Charles W., ed. |
| 245 10 - TITLE STATEMENT | |
| Title | The theology of Rudolf Bultmann. / |
| Statement of responsibility, etc. | edited by Charles W. Kegley. |
| 260 0# - PUBLICATION, DISTRIBUTION, ETC (IMPRINT) | |
| Place of publication, distribution, etc. | Bloomsbury Street, London : |
| Name of publisher, distributor, etc. | SCM Press Ltd, |
| Date of publication, distribution, etc. | c1966. |
| 300 ## - PHYSICAL DESCRIPTION | |
| Extent | xxv ; 320 p. ; 22 cm. |
| 500 ## - GENERAL NOTE | |
| General note | Includes indexes. |
| 505 ## - FORMATTED CONTENTS NOTE | |
| Formatted contents note | ESSAYS OF INTERPRETATION AND CRITICISM OF THE WORK OF RUDOLF BULTMANN-- The Theology of Rudolf Bultmann-- The Meaning of Demythologization-- Revelation--Rudolf Bultmann's Philosophy of History--Rudolf Bultmann's Interpretation of New Testament Eschatology-- The Doctrines of God and Man in the Theology of Rudolf Bultmann-- The Significance of Rudolf Bultmann for Contemporary Theology-- Philosophy and Theology in Bultmann's Thought-- The Theology of Rudolf Bultmann and Its Relation to Philosophy--The Role of the Church in the Theology of Rudolf Bultmann-- The Event of Salvation and Word in the New Testament -- The Consequences of Bultmann's Theology for Ethics--Bultmann's Relationship to Classical Philology-- Bultmann on Judaism-- The Old Testament and Its Significance for Religious Instruction-- Contemporary Interpretation of the Gospels as a Challenge to Preaching and Religious Education-- REPLY TO INTERPRETATION AND CRITICISM. |
| 650 ## - SUBJECT ADDED ENTRY--TOPICAL TERM | |
| Topical term or geographic name as entry element | BULTMANN, RUDOLF KARL, 1884-1976 |
| 942 ## - ADDED ENTRY ELEMENTS (KOHA) | |
| Koha item type | Circulation Books |
| Source of classification or shelving scheme | Library of Congress Classification |
| Withdrawn status | Lost status | Source of classification or shelving scheme | Damaged status | Not for loan | Home library | Current library | Shelving location | Date acquired | Total Checkouts | Full call number | Barcode | Date last seen | Date last checked out | Price effective from | Koha item type |
|---|---|---|---|---|---|---|---|---|---|---|---|---|---|---|---|
| Dewey Decimal Classification | PBTS Library | PBTS Library | Circulation Section | 04/18/2006 | 2 | BX 4827 .B78 K879 1966 | 7291 | 03/09/2026 | 09/18/2019 | 04/02/2015 | Circulation Books |